Biennale musica 1982: numero e suono (3) (Record n. 99107)

Dettagli MARC
000 -LEADER
fixed length control field 01226njm a2200313Ia 4500
001 - CONTROL NUMBER
control field 21024
003 - CONTROL NUMBER IDENTIFIER
control field IT-RoPAU
005 - DATE AND TIME OF LATEST TRANSACTION
control field 20220918181112.0
008 - FIXED-LENGTH DATA ELEMENTS--GENERAL INFORMATION
fixed length control field 131025s9999 xx 000 0 und d
040 ## - CATALOGING SOURCE
Original cataloging agency IT-RoPAU
040 ## - CATALOGING SOURCE
Transcribing agency IT-RoPAU
999 ## - SYSTEM CONTROL NUMBERS (KOHA)
Koha Dewey Subclass [OBSOLETE] n.d.
100 ## - MAIN ENTRY--PERSONAL NAME
Personal name AA.VV.
9 (RLIN) 794
100 ## - MAIN ENTRY--PERSONAL NAME
Relator term Autore musica
9 (RLIN) 4501
100 ## - MAIN ENTRY--PERSONAL NAME
Miscellaneous information Codice autore musica SPICS: 12000
9 (RLIN) 796
245 ## - TITLE STATEMENT
Title Biennale musica 1982: numero e suono (3)
250 ## - EDITION STATEMENT
Edition statement 1a ed.
260 ## - PUBLICATION, DISTRIBUTION, ETC. (IMPRINT)
Place of publication, distribution, etc. ROMA
260 ## - PUBLICATION, DISTRIBUTION, ETC. (IMPRINT)
Name of publisher, distributor, etc. SPICS RECORDS
Date of publication, distribution, etc. 1982 [1a Ed.:1982]
300 ## - PHYSICAL DESCRIPTION
Extent MUSICASSETTA
500 ## - GENERAL NOTE
General note In collegamento diretto con il Teatro Malibran in Venezia. Musica strumentale.
505 ## - FORMATTED CONTENTS NOTE
Formatted contents note Am Himmel Wandre Ich... per mezzosoprano e tenore - Trans, per orchestra e nastro magnetico
511 ## - PARTICIPANT OR PERFORMER NOTE
Participant or performer note Orchestra Sinfonica di Milano della Rai
511 ## - PARTICIPANT OR PERFORMER NOTE
Participant or performer note Orchestra Sinfonica di Radio Stoccarda
650 ## - SUBJECT ADDED ENTRY--TOPICAL TERM
Topical term or geographic name as entry element STRUMENTALE [CASSETTE]
Relator term Codice MATERIA SPICS: 9951
9 (RLIN) 1218
700 ## - ADDED ENTRY--PERSONAL NAME
Personal name Petazzi Paolo
Relator term Autore testo
Miscellaneous information Codice autore testo SPICS: 11572
9 (RLIN) 4502
700 ## - ADDED ENTRY--PERSONAL NAME
Personal name Stockhausen Karlheinz
Relator term Codice autore musica SPICS: 989
Relator code Autore musica
Dates associated with a name Am Himmel Wandre Ich... per mezzosoprano e tenore - Trans, per orchestra e nastro magnetico
9 (RLIN) 4503
942 ## - ADDED ENTRY ELEMENTS (KOHA)
Koha item type MUSICASSETTE
Source of classification or shelving scheme Dewey Decimal Classification
Dati di copia
Withdrawn status Lost status Damaged status Not for loan Home library Current library Date acquired Total Checkouts Full call number Date last seen Price effective from Koha item type Public note
    Buone Condizioni Not For Loan SPICS-MEDIATECA SPICS-MEDIATECA 25/10/2013   21024 25/10/2013 25/10/2013 MUSICASSETTE Progr. Ins.: 4326 / N.Vol.: 1 / Copie: 1 - Copia rara: n.d. / date import: 01.01.2014 - By Epidotti, Trombetti, Vaglietti
CREDITS: SOCIETA' SAN PAOLO Via A.Severo, 58 - ROMA (RM) & PERIODICI SAN PAOLO SRL Via Giotto, 36 MILANO & CISF Via Giotto, 36 MILANO & EDIZIONI SAN PAOLO SRL,  Piazza Soncino, 5 CINISELLO BALSAMO (MI) -- ITALY